000 00357nam a2200145Ia 4500
008 230917s9999||||xx |||||||||||||| ||und||
040 _e55965
_aMAIN
041 _aEnglish
082 _a830.9 C162C
100 _aCanetti, Elias
245 4 _aThe conscience of words
260 _aNew York
_bThe Seagull Press
_c1979
300 _aix, 246 p.
942 _cBK
999 _c207148
_d207148